000 01174nam0a22002411 4500
001 rc\1175352
005 20041129085523.0
035 _a(NLR Aleph) 006417971
090 _a5417405
_c5417405
100 _a20041129d1980 u |0rusy50 ca
101 0 _arus
102 _aRU
105 _ay |||||||||
200 1 _aВсесоюзный физкультурный комплекс "Готов к труду и обороне СССР" (ГТО)
_eСб. положений, постановлений и др. руководящих документов
_fКом. по физ. культуре и спорту при Совете Министров БССР, Респ. метод. каб. по физ. культуре
_g[Сост. С.М. Карасева, Б.Х. Хасанов]
210 _aМинск
_cПолымя
_d1980
215 _a94 с.
_d20
702 1 _aКарасева
_bС. М.
_gСветлана Матвеевна
_4220
712 0 2 _aБелорусский респ. метод. кабинет по физ. культуре и спорту
_cМинск
801 0 _aRU
_bNLR
_gpsbo
801 1 _aRU
_bELAR
_2rusmarc
852 _aNLR
_j81-4/80
942 _cBOOK
980 _aNB